000 00627nam a2200229Ia 4500
003 OSt
005 20220926011146.0
006 a|||||r|||| 00| 0
007 ta
008 220923b |||||||| |||| 00| 0 eng d
037 _cGeneral Book
040 _aRTL
_cRTL
_beng
041 _2eng
_aeng
082 _aX:8DRz7.73.N7, L0
100 _aWelsch Glenn A
245 0 _aCases in profit planning and control
260 _aNew Jersey
_bPrentice-Hall
_c1970
300 _ax, 144p.
_ccm.
650 _aFinance
942 _hX:8DRz7.73.N7, L0
_cGB
_2CC
999 _c619215
_d619215